| 000 | 01286nam a22003497a 4500 | ||
|---|---|---|---|
| 001 | 0033126 | ||
| 003 | KOHA_MİRAKIL | ||
| 005 | 20260207002847.0 | ||
| 007 | ta | ||
| 008 | 111018b2008 tu a|||gr||||#||||0|tur | | ||
| 020 | _a 9789755613130 | ||
| 040 |
_aTR-BiSEU _btur _cTR-BiSEU _erda |
||
| 041 | 0 | _atur | |
| 044 | _ctu | ||
| 050 |
_aZ710 _b.B55 2008 |
||
| 245 | 0 |
_aBilgiye yatırım-birlikteliğin gücü : _bMustafa İnan Kütüphanesi/ _chaz. Esin İnan, Sevgi İnce, Ayhan Kaygusuz. |
|
| 264 | 1 |
_aİstanbul : _bİstanbul Teknik Üniversitesi, c2008 _c2008 |
|
| 300 |
_a226 sayfa : _bresimli ; _c19 cm. |
||
| 336 |
_ametin _btxt _2rdacontent |
||
| 337 |
_aaracısız _bn _2rdamedia |
||
| 338 |
_acilt _bnc _2rdacarrier |
||
| 490 | 1 |
_aİstanbul Teknik Üniversitesi Rektörlüğü ; _vsayı : 1639. |
|
| 650 | 0 |
_aScience--Information services. _964568 |
|
| 650 | 0 |
_aBilim--Bilgi hizmetleri. _964569 |
|
| 650 | 0 |
_aIstanbul Technical University--History. _964570 |
|
| 650 | 0 |
_aİstanbul Teknik Üniversitesi--Tarihi. _964571 |
|
| 650 | 0 |
_aİnan, Mustafa, 1911-1971. _964572 |
|
| 650 | 0 |
_aLibraries--Guide books. _964573 |
|
| 650 | 0 |
_aKütüphaneler--Rehber kitaplar. _964574 |
|
| 830 | 1 |
_aİstanbul Teknik Üniversitesi Rektörlüğü ; _vsayı : 1639. _94348 |
|
| 942 |
_2lcc _cBK |
||
| 999 |
_c33237 _d33237 |
||